=LDR 00000nam 2200000 4500 =001 INLIS000000000013975 =005 20130612105301 =008 ***********************************Ind** =035 ##$$0010-061300000013975 =041 ##$$a Ind =082 ##$$a 621.31 =090 ##$$a 621.31, Dan p =100 ##$$a Dandekar, M.M =245 ##$$a Pembangkit listrik tenaga air, M.M. Dandekar =260 ##$$a 1991 $b Jakarta =300 ##$$a 566 hlm, 21 cm =650 ##$$a Pembangkit listrik tenaga air =850 ##$$a NBPNMAT